| 000 | 01113cab a2200313 4500 | ||
|---|---|---|---|
| 001 | ABS57345 | ||
| 008 | 090401t1997 xxu||||| |||| 00| 0 eng d | ||
| 035 | _a(Sirsi) u79530 | ||
| 041 | _aeng | ||
| 100 | _aKelly, M. | ||
| 245 | _aClosing the agricultural loophole | ||
| 260 | _c1997 | ||
| 350 | _a0 | ||
| 490 |
_aRural Practice Bulletin _vMay/June 1997, 18-21(4) |
||
| 520 | _aDiscusses how concern has grown over the misuse of the special exemption of many agricultural developments from otherwise strict rural planning control. Reports on a survey of local authority`s experiences, with proposals for improving the control of agricultural land and property. References. | ||
| 650 | _aAGRICULTURAL DEVELOPMENT | ||
| 650 | _aPROPERTY-RURAL AND NATURAL ASSETS-AGRICULTURAL PROPERTY-AGRICULTURAL LAND | ||
| 650 | _aEXEMPTION | ||
| 650 | _aFARM BUILDINGS | ||
| 650 | _aFARM LAND | ||
| 650 | _aLOCAL AUTHORITIES | ||
| 650 | _aPLANNING CONTROL | ||
| 650 | _aPPG7 REVISED | ||
| 650 | _aPPG7 | ||
| 690 | _aPLANNING LAW AND PRACTICE | ||
| 700 | _aGilg, A | ||
| 942 | _n0 | ||
| 948 | _c09/07/1997 | ||
| 999 |
_c50004 _d50004 |
||